Computational commutative algebra. 2V (Record no. 12275)
[ view plain ]
| 000 -LEADER | |
|---|---|
| fixed length control field | 00437nam a2200157Ia 4500 |
| 008 - FIXED-LENGTH DATA ELEMENTS--GENERAL INFORMATION | |
| fixed length control field | 230917s9999||||xx |||||||||||||| ||und|| |
| 020 ## - ISBN | |
| Price | RS1295 |
| 040 ## - CATALOGING SOURCE | |
| -- | 220053 |
| Original cataloging agency | VIVEKANANDA LIBRARY |
| 041 ## - Language | |
| -- | English |
| 082 ## - DDC NUMBER | |
| Classification number | 512.24 K889C |
| 100 ## - MAIN ENTRY--PERSONAL NAME | |
| Personal name | Kreuzer, Martin |
| 245 #0 - TITLE STATEMENT | |
| Title | Computational commutative algebra. 2V |
| 260 ## - PUBLICATION, DISTRIBUTION, ETC. (IMPRINT) | |
| Place of publication, distribution, etc | New Delhi |
| Name of publisher, distributor, etc | Springer India |
| Date of publication, distribution, etc | 2010 |
| 500 ## - GENERAL NOTE | |
| General note | 1652 05/11/2014 RBP42373 19/11/2014 Mathematics (NBHM) |
| 942 ## - ADDED ENTRY ELEMENTS (KOHA) | |
| Koha item type | Books |
| Withdrawn status | Lost status | Damaged status | Not for loan | Location (home branch) | Sublocation or collection (holding branch) | Date acquired | Koha issues (times borrowed) | Koha full call number | Accession No. | Koha date last seen | Koha item type |
|---|---|---|---|---|---|---|---|---|---|---|---|
| VIVEKANANDA LIBRARY | VIVEKANANDA LIBRARY | 08/12/2014 | 512.24 K889C | 308107 | 17/09/2023 | Books | |||||
| VIVEKANANDA LIBRARY | VIVEKANANDA LIBRARY | 08/12/2014 | 512.24 K889C | 308108 | 17/09/2023 | Books | |||||
| VIVEKANANDA LIBRARY | VIVEKANANDA LIBRARY | 08/12/2014 | 512.24 K889C | 308109 | 17/09/2023 | Books | |||||
| VIVEKANANDA LIBRARY | VIVEKANANDA LIBRARY | 08/12/2014 | 512.24 K889C | 308110 | 17/09/2023 | Books | |||||
| VIVEKANANDA LIBRARY | VIVEKANANDA LIBRARY | 08/12/2014 | 512.24 K889C | 308111 | 17/09/2023 | Books | |||||
| VIVEKANANDA LIBRARY | VIVEKANANDA LIBRARY | 08/12/2014 | 512.24 K889C | 308112 | 17/09/2023 | Books | |||||
| VIVEKANANDA LIBRARY | VIVEKANANDA LIBRARY | 08/12/2014 | 512.24 K889C | 308113 | 17/09/2023 | Books | |||||
| VIVEKANANDA LIBRARY | VIVEKANANDA LIBRARY | 08/12/2014 | 512.24 K889C | 308114 | 17/09/2023 | Books | |||||
| VIVEKANANDA LIBRARY | VIVEKANANDA LIBRARY | 08/12/2014 | 512.24 K889C | 308115 | 17/09/2023 | Books | |||||
| VIVEKANANDA LIBRARY | VIVEKANANDA LIBRARY | 08/12/2014 | 512.24 K889C | 308116 | 17/09/2023 | Books |
